Aliments français par image - Statistiques

Statistiques générales
  • Ce quiz a été pris 465 fois
  • Le résultat moyen est 2 sur 7
Statistiques - réponses
Par images Réponse % Correct
Baguette
81%
Macarons
74%
Crêpe
51%
Crossaint
4%
Éclair
3%
Fraiser
3%
Pain de campagne
2%
Aucun quiz correspondant
Distribution des résultats
% des personnes avec chaque résultat
Percentile par nombre de réponses
Votre historique - résultats
Vous n’avez pas pris ce quiz